Gares sur la ligne d'Epernay à Laon - Statistiques

Statistiques générales
  • Ce quiz a été pris 22 fois
  • Le résultat moyen est 7 sur 16
Statistiques - réponses
Département Gare % Correct
(51) Reims
91%
Marne (51) Epernay
86%
Aisne (02) Laon
68%
(51) Avenay-Val-d'Or
50%
(51) Germaine
50%
(51) Aÿ-Champagne
45%
(51) Rilly-la-Montagne
45%
(51) Reims-Maison-Blanche
41%
(02) Guignicourt
36%
(51) Franchet-d'Espèrey
32%
Aisne (02) Aguilcourt - Variscourt
27%
(02) Amifontaine
27%
(02) Coucy-lès-Eppe
27%
(51) Courcy - Brimont
27%
Marne (51) Loivre
27%
(02) Saint-Erme
27%
Aucun quiz correspondant
Distribution des résultats
% des personnes avec chaque résultat
Percentile par nombre de réponses
Votre historique - résultats
Vous n’avez pas pris ce quiz